Burkina Faso City Quiz - Statistics

General Stats
  • This quiz has been taken 26 times
  • The average score is 3 of 6
Answer Stats
City % Correct
Ouagadougou
100%
Bobo-Dioulasso
65%
Ouahigouya
47%
Koudougou
41%
Kaya
35%
Saaba
0%
No matching quizzes found
Score Distribution
Percent of People with Each Score
Percentile by Number Answered
Your Score History
You have not taken this quiz